Loading...
History - American History | 2 | 4 | 0 | 0 | 70 | 63 | 78.50 | 5 | 6 |
History - European History | 2 | 4 | 1 | 2 | 65 | 39 | 86.83 | 2 | 6 |
History - World History | 1 | 4 | 2 | 2 | 45 | 58 | 96.00 | 1 | 5 |
Social Science | 0 | 4 | 0 | 0 | 40 | 82 | 100.50 | 0 | 4 |
Pop Culture | 1 | 2 | 0 | 2 | 35 | 58 | 114.33 | 0 | 2 |
Current Events | 1 | 1 | 0 | 0 | 25 | 50 | 82.00 | 1 | 2 |
Mythology | 1 | 2 | 2 | 0 | 25 | 74 | 102.00 | 0 | 2 |
Religion | 0 | 2 | 0 | 0 | 20 | 85 | 105.50 | 1 | 2 |
Literature - European Literature | 1 | 0 | 0 | 0 | 15 | 80 | 80.00 | 1 | 1 |
Literature - American Literature | 1 | 0 | 0 | 0 | 15 | 36 | 36.00 | 1 | 1 |
Geography | 0 | 1 | 0 | 0 | 10 | 75 | 75.00 | 1 | 1 |
Fine Arts - Visual Fine Arts | 0 | 1 | 0 | 0 | 10 | 84 | 84.00 | 0 | 1 |
Literature - World Literature | 0 | 1 | 0 | 0 | 10 | 96 | 96.00 | 1 | 1 |
Literature - British Literature | 0 | 1 | 0 | 0 | 10 | 145 | 145.00 | 0 | 1 |
Science - Chemistry | 0 | 1 | 0 | 0 | 10 | 126 | 126.00 | 0 | 0 |
Philosophy | 0 | 1 | 1 | 0 | 5 | 112 | 112.00 | 1 | 1 |
Fine Arts - Other Fine Arts | 0 | 0 | 0 | 0 | 0 | 0.00 | 0 | 0 | |
History - Other History | 0 | 0 | 3 | 0 | -15 | 0.00 | 0 | 0 |